[Event "M.Botvinnik Memorial 2012"]
[Site "St. Petersburg, Russia"]
[Date "2012.08.29"]
[Round "5.95"]
[White "Levdansky, Alexey"]
[Black "Shirokov, Alexander"]
[Result "0-1"]
[WhiteElo "1716"]
[BlackElo "1972"]
[PlyCount "130"]
[EventDate "2012.08.25"]

1. c4 d6 2. Nc3 Nf6 3. Nf3 g6 4. g3 Bg7 5. Bg2 O-O 6. O-O c6 7. d4 Nbd7 8. e4
e5 9. d5 Nc5 10. Ne1 cxd5 11. cxd5 Qb6 12. Nd3 Bg4 13. Bf3 Nxd3 14. Qxd3 Bxf3
15. Qxf3 Rfc8 16. Rb1 Rc4 17. Bg5 Nd7 18. h4 Rac8 19. h5 Qa6 20. h6 Bf8 21. a3
Nc5 22. Rfd1 Nb3 23. Ne2 Qa4 24. Nc3 Qd7 25. Ne2 Nc5 26. Nc3 f5 27. exf5 Qxf5
28. Qxf5 gxf5 29. Be3 a6 30. Kg2 Rg4 31. b4 Nd7 32. Rbc1 Nf6 33. f3 Rg6 34. Ne2
Rxc1 35. Bxc1 Bxh6 36. Bxh6 Rxh6 37. Rc1 Nxd5 38. Rc8+ Kf7 39. Rb8 b6 40. Ra8
Rg6 41. Rxa6 h5 42. a4 h4 43. g4 fxg4 44. fxg4 Rxg4+ 45. Kh2 Rxb4 46. Ra7+ Ke6
47. Ng1 Nc3 48. a5 Nb5 49. Ra6 bxa5 50. Rxa5 Nd4 51. Ra2 Rb3 52. Ne2 Nxe2 53.
Rxe2 d5 54. Kg2 e4 55. Ra2 Ke5 56. Ra8 Kd4 57. Rh8 h3+ 58. Kh2 Rf3 59. Rh4 Kd3
60. Rh5 d4 61. Re5 e3 62. Re6 e2 63. Re7 Re3 64. Rxe3+ Kxe3 65. Kxh3 e1=Q 0-1

[Event "M.Botvinnik Memorial 2012"]
[Site "St. Petersburg, Russia"]
[Date "2012.08.29"]
[Round "5.96"]
[White "Bezobrazov, Lev"]
[Black "Kazantsev, Alexandr"]
[Result "0-1"]
[WhiteElo "1675"]
[BlackElo "1960"]
[PlyCount "58"]
[EventDate "2012.08.25"]

1. e4 c5 2. Nc3 Nc6 3. g3 g6 4. Bg2 Bg7 5. d3 Rb8 6. a4 a6 7. Be3 b5 8. axb5
Bxc3+ 9. bxc3 Rxb5 10. Ne2 d6 11. Qd2 Bb7 12. O-O Nf6 13. h3 O-O 14. g4 h5 15.
g5 Nd7 16. f4 e6 17. h4 Ne7 18. Ng3 Qa8 19. Bh3 a5 20. f5 exf5 21. exf5 Ne5 22.
f6 Nd5 23. Bg2 Nxe3 24. Bxb7 Nxf1 25. Kxf1 Qxb7 26. Ne4 Rb1+ 27. Rxb1 Qxb1+ 28.
Kg2 Ng4 29. c4 Qxc2 0-1

[Event "M.Botvinnik Memorial 2012"]
[Site "St. Petersburg, Russia"]
[Date "2012.08.29"]
[Round "5.97"]
[White "Kaneyama, Men Cher"]
[Black "Lyazhkov, Sergey"]
[Result "1/2-1/2"]
[WhiteElo "1955"]
[BlackElo "1769"]
[PlyCount "100"]
[EventDate "2012.08.25"]

1. e4 e5 2. Nf3 Nc6 3. Bb5 Nf6 4. Qe2 Bc5 5. Bxc6 dxc6 6. Nxe5 Qe7 7. Nd3 Bd4
8. c3 Bb6 9. f3 O-O 10. Nf2 Nd7 11. d4 c5 12. Be3 cxd4 13. Bxd4 c5 14. Be3 Re8
15. O-O Bc7 16. f4 f5 17. Nd2 b6 18. Qc4+ Kh8 19. Qd5 Ba6 20. Rfe1 g6 21. e5
Rad8 22. Qf3 Nf8 23. Qg3 Ne6 24. Nf3 Qd7 25. Nh3 Nf8 26. b4 c4 27. Bd4 Ne6 28.
Nhg5 Kg8 29. Nxe6 Rxe6 30. Ng5 Bb7 31. Nxe6 Qxe6 32. Qg5 Be4 33. Rad1 Rd5 34.
Bf2 Rd3 35. Bd4 Kf7 36. g3 Kg8 37. Qf6 Qxf6 38. exf6 Kf7 39. Rxd3 cxd3 40. Rd1
Bd8 41. Kf2 Bxf6 42. Bxf6 Kxf6 43. Ke3 b5 44. Kd4 Ke6 45. Kc5 a6 46. Kb6 Kd5
47. Kxa6 Kc4 48. Ka5 Bc6 49. Kb6 Be4 50. Ka5 Bc6 1/2-1/2

[Event "M.Botvinnik Memorial 2012"]
[Site "St. Petersburg, Russia"]
[Date "2012.08.29"]
[Round "5.98"]
[White "Chernyak, Viktoria"]
[Black "Lysukha, Nikita"]
[Result "1-0"]
[WhiteElo "1933"]
[BlackElo "1759"]
[PlyCount "105"]
[EventDate "2012.08.25"]

1. e4 c6 2. d4 d5 3. Nc3 dxe4 4. Nxe4 Bf5 5. Ng3 Bg6 6. Nf3 Nd7 7. Bd3 Bxd3 8.
Qxd3 e6 9. O-O Ngf6 10. Re1 Bd6 11. Nf5 Bf8 12. Bf4 Nb6 13. c4 g6 14. Ng3 Bg7
15. Rad1 O-O 16. b3 Qc8 17. h3 Rd8 18. Qe3 Nbd7 19. Bh6 Re8 20. Ne5 Qc7 21. Bf4
Qa5 22. b4 Qb6 23. a3 Rad8 24. Qf3 h6 25. h4 Nxe5 26. dxe5 Nd7 27. c5 Qc7 28.
Qe3 Kh7 29. Ne4 Bxe5 30. Bxe5 Qxe5 31. Rxd7 Rxd7 32. Ng5+ hxg5 33. Qxe5 gxh4
34. Qf6 Red8 35. Qxh4+ Kg7 36. Qe4 Rd5 37. g3 a5 38. Rb1 axb4 39. axb4 e5 40.
Qe3 f5 41. b5 cxb5 42. Rxb5 R8d7 43. Qb3 Kh6 44. Rxb7 Rxb7 45. Qxd5 Rb1+ 46.
Kg2 e4 47. c6 Kh5 48. c7 Rc1 49. Qd8 g5 50. c8=Q Rxc8 51. Qxc8 f4 52. gxf4 gxf4
53. Qf5+ 1-0

[Event "M.Botvinnik Memorial 2012"]
[Site "St. Petersburg, Russia"]
[Date "2012.08.29"]
[Round "5.99"]
[White "Andreeva, Yulia"]
[Black "Shakirova, Renata"]
[Result "0-1"]
[WhiteElo "1928"]
[BlackElo "1722"]
[PlyCount "92"]
[EventDate "2012.08.25"]

1. d4 Nf6 2. c4 g6 3. Nc3 Bg7 4. e4 d6 5. f3 O-O 6. Be3 Nc6 7. Nge2 a6 8. Qd2
Rb8 9. Nc1 e5 10. Nb3 exd4 11. Nxd4 Ne5 12. Be2 c5 13. Nc2 Be6 14. b3 Qa5 15.
O-O b5 16. cxb5 axb5 17. Rfc1 Rfd8 18. b4 cxb4 19. Nd5 Bxd5 20. exd5 Nc4 21.
Bxc4 bxc4 22. Bd4 Qxd5 23. Ne3 c3 24. Qd1 Qe6 25. Nc2 Bh6 26. Rcb1 Nd5 27. Kh1
Be3 28. Qf1 Bd2 29. Bf2 Rdc8 30. Nd4 Qe5 31. Rd1 Ne3 32. Bxe3 Bxe3 33. Nc2 Bd2
34. Rab1 Qf5 35. Nd4 Qe5 36. Nc2 Qb5 37. Qf2 Qa4 38. Nd4 Qxa2 39. Rb3 c2 40.
Nxc2 Rxc2 41. Rbb1 Rbc8 42. h3 Bf4 43. Qf1 Rf2 44. Qg1 Rcc2 45. Ra1 Rxg2 46.
Rxa2 Rxg1+ 0-1

[Event "M.Botvinnik Memorial 2012"]
[Site "St. Petersburg, Russia"]
[Date "2012.08.29"]
[Round "5.100"]
[White "Katyshkina, Anastasia"]
[Black "Sorokina, Svetlana"]
[Result "0-1"]
[WhiteElo "1923"]
[BlackElo "1713"]
[PlyCount "66"]
[EventDate "2012.08.25"]

1. e4 e5 2. Nf3 Nc6 3. c3 d6 4. d4 Bd7 5. Bc4 Be7 6. O-O Nf6 7. d5 Na5 8. Bd3
b5 9. Nbd2 O-O 10. Qe2 a6 11. Re1 Nb7 12. Nf1 Ne8 13. Ng3 g6 14. h3 Ng7 15. Nh2
f5 16. exf5 Nxf5 17. Nxf5 Bxf5 18. Ng4 Bxd3 19. Qxd3 Bg5 20. Be3 Bxe3 21. Rxe3
Nc5 22. Qe2 h5 23. Nh2 Rf5 24. g4 hxg4 25. hxg4 Qg5 26. b4 Nd7 27. Rg3 Rf7 28.
Nf3 Qf4 29. Qe3 Nf6 30. a4 Qxe3 31. fxe3 Nxd5 32. axb5 Nxc3 33. Rxa6 Raf8 0-1

[Event "M.Botvinnik Memorial 2012"]
[Site "St. Petersburg, Russia"]
[Date "2012.08.29"]
[Round "5.104"]
[White "Glazov, Anatoly"]
[Black "Petrochenko, Maria"]
[Result "0-1"]
[WhiteElo "1856"]
[BlackElo "1694"]
[PlyCount "114"]
[EventDate "2012.08.25"]

1. c4 c6 2. d4 d5 3. Nc3 Nf6 4. Nf3 e6 5. e3 Nbd7 6. Bd3 dxc4 7. Bxc4 b5 8. Bd3
Bd6 9. O-O O-O 10. Re1 a6 11. Qc2 Bb7 12. e4 e5 13. Bg5 h6 14. Bh4 Qc7 15. Ne2
c5 16. Rac1 c4 17. Qb1 Qb8 18. Bc2 exd4 19. Nexd4 Ng4 20. Bg3 Bxg3 21. hxg3
Nde5 22. Re2 Nxf3+ 23. gxf3 Ne5 24. f4 Nc6 25. Nf5 Qc7 26. e5 Rad8 27. Nd6 Nd4
28. Re4 Bxe4 29. Bxe4 Ne2+ 30. Kg2 Nxc1 31. Qxc1 Rxd6 32. exd6 Qxd6 33. Qe3 Rd8
34. Bc2 Qd2 35. Qe7 Qd7 36. Qe3 Qd5+ 37. Kh2 Qd4 38. Qf3 Qxb2 39. Qe4 g6 40. f5
Qf6 41. Qf3 Kg7 42. Kg2 a5 43. Qe3 c3 44. fxg6 fxg6 45. Qa7+ Kg8 46. Qxa5 Rd2
47. Bb3+ Kh7 48. Qc7+ Qg7 49. Qc5 Qb7+ 50. Kg1 Rb2 51. Bd5 Rb1+ 52. Kh2 Qg7 53.
Be4 Rb2 54. a3 Qf7 55. Kg1 Re2 56. Bd5 Re1+ 57. Kg2 Re5 0-1

[Event "M.Botvinnik Memorial 2012"]
[Site "St. Petersburg, Russia"]
[Date "2012.08.29"]
[Round "5.105"]
[White "Bezulenko, Evgeny"]
[Black "Sokolov, Ilia"]
[Result "1-0"]
[WhiteElo "1915"]
[BlackElo "1712"]
[PlyCount "69"]
[EventDate "2012.08.25"]

1. f4 g6 2. c4 Bg7 3. Nc3 d6 4. Nf3 Nf6 5. d3 O-O 6. e4 Bg4 7. Be2 Nc6 8. Be3
e5 9. fxe5 dxe5 10. O-O Bxf3 11. Bxf3 Nd4 12. Qd2 Nxf3+ 13. Rxf3 Ng4 14. Bc5
Re8 15. Raf1 b6 16. Ba3 Bh6 17. Qe2 Qd4+ 18. Kh1 f6 19. h3 Ne3 20. Nb5 Qd7 21.
Rxe3 Bxe3 22. Qxe3 a6 23. Nc3 f5 24. exf5 gxf5 25. Qg5+ Kh8 26. Rxf5 Re6 27.
Qh5 Rg6 28. Nd5 Rh6 29. Qf3 Rg8 30. Nf6 Rxf6 31. Rxf6 Kg7 32. Bf8+ Kh8 33. Rf7
e4 34. Qf6+ Rg7 35. Qxg7# 1-0

[Event "M.Botvinnik Memorial 2012"]
[Site "St. Petersburg, Russia"]
[Date "2012.08.29"]
[Round "5.106"]
[White "Ladzin, Ivan"]
[Black "Veelenturf, Wim"]
[Result "1/2-1/2"]
[WhiteElo "1791"]
[BlackElo "1690"]
[PlyCount "98"]
[EventDate "2012.08.25"]

1. d4 Nf6 2. Bg5 e6 3. e4 Be7 4. Bd3 d6 5. Nf3 Nbd7 6. O-O e5 7. d5 Nc5 8. Re1
Bg4 9. b4 Ncd7 10. c4 Nxd5 11. exd5 Bxg5 12. h3 Bxf3 13. Qxf3 Qf6 14. Qe4 Qf4
15. Qxf4 Bxf4 16. Re2 O-O 17. Nc3 f5 18. f3 Bg3 19. Nb5 e4 20. fxe4 Ne5 21. Bc2
Rf7 22. c5 a6 23. Nd4 fxe4 24. Bxe4 g6 25. Ne6 Bh4 26. Rc1 Re8 27. a4 h6 28.
Bb1 Kh7 29. Kh2 Bg5 30. Nxg5+ hxg5 31. Rce1 Rfe7 32. Be4 Kg7 33. Kg3 Nd7 34. c6
bxc6 35. dxc6 Nf6 36. Bd3 Rxe2 37. Rxe2 Rxe2 38. Bxe2 Nd5 39. Bxa6 Nxb4 40. Bb5
Nd5 41. a5 Ne7 42. a6 Nc8 43. Kf3 Kf6 44. Ke4 Na7 45. Ba4 Nc8 46. g4 Ke6 47.
Kd4 Na7 48. Bb3+ Kf6 49. Kd5 Ke7 1/2-1/2

[Event "M.Botvinnik Memorial 2012"]
[Site "St. Petersburg, Russia"]
[Date "2012.08.29"]
[Round "5.107"]
[White "Panov, Konstantin"]
[Black "Toporkova, Sofia"]
[Result "1/2-1/2"]
[WhiteElo "1604"]
[BlackElo "1729"]
[PlyCount "83"]
[EventDate "2012.08.25"]

1. e4 c5 2. Nf3 Nc6 3. d4 cxd4 4. Nxd4 e5 5. Nb5 d6 6. N1c3 a6 7. Na3 b5 8. Nd5
Nge7 9. c4 b4 10. Nc2 a5 11. Be3 Nxd5 12. Qxd5 Bb7 13. Qd3 Be7 14. Be2 O-O 15.
O-O Nb8 16. f3 Nd7 17. Bf2 Nc5 18. Bxc5 dxc5 19. Rad1 Bc6 20. Ne3 Bg5 21. Nd5
a4 22. Qc2 Qb8 23. Rd3 g6 24. Rdd1 Kg7 25. g3 f5 26. Bd3 f4 27. g4 Rh8 28. Qf2
Qa7 29. h4 Bd8 30. Qh2 h6 31. h5 gxh5 32. Qxh5 Bg5 33. Qh2 Qf7 34. Qh5 Qa7 35.
Qh2 Be8 36. Kf2 b3 37. a3 Bg6 38. Ke2 Kf7 39. Rh1 Ke6 40. Qg1 Kd7 41. Bb1 Kc6
42. Nc3 1/2-1/2

[Event "M.Botvinnik Memorial 2012"]
[Site "St. Petersburg, Russia"]
[Date "2012.08.29"]
[Round "5.108"]
[White "Klimentiev, Sergey"]
[Black "Klimshin, Ilia"]
[Result "0-1"]
[WhiteElo "1896"]
[BlackElo "1678"]
[PlyCount "134"]
[EventDate "2012.08.25"]

1. d4 d5 2. c4 e6 3. Nc3 c5 4. dxc5 d4 5. Ne4 Nf6 6. Bg5 Bxc5 7. Nxf6+ gxf6 8.
Bd2 Nc6 9. a3 a5 10. b3 b6 11. g3 Bb7 12. Bg2 Qc7 13. Nh3 e5 14. Bh6 Ne7 15.
O-O Bxg2 16. Kxg2 Qc6+ 17. Kg1 Qd7 18. Kg2 Qc6+ 19. f3 Nf5 20. Bd2 Qd6 21. Nf2
Qf8 22. Qc2 Ng7 23. Bh6 Be7 24. Qe4 Rb8 25. Qc6+ Kd8 26. Ne4 Rg8 27. e3 Qe8 28.
Qd5+ Kc7 29. Bxg7 Rxg7 30. exd4 Rd8 31. Qb5 Qxb5 32. cxb5 Rxd4 33. Rfd1 Rxd1
34. Rxd1 Bxa3 35. Nc3 Rg6 36. Nd5+ Kb7 37. Ne3 Kc7 38. Nd5+ Kb7 39. Rd2 f5 40.
Rc2 Bc5 41. Re2 Re6 42. Nc3 Bd4 43. Nd5 Bc5 44. Nc3 Kc8 45. Rc2 Kd7 46. Rd2+
Rd6 47. Rc2 Bd4 48. Ne2 Be3 49. Nc3 Rd3 50. b4 axb4 51. Nb1 Bc5 52. Rd2 Rxd2+
53. Nxd2 Kd6 54. Kf1 Kd5 55. Ke2 Kd4 56. h3 e4 57. fxe4 fxe4 58. g4 e3 59. Nb3+
Kc4 60. Nxc5 Kxc5 61. Kxe3 Kxb5 62. Kd3 Ka4 63. Kc2 Ka3 64. Kb1 Kb3 65. h4 Kc3
66. Kc1 Kd4 67. Kc2 Ke4 0-1

[Event "M.Botvinnik Memorial 2012"]
[Site "St. Petersburg, Russia"]
[Date "2012.08.29"]
[Round "5.109"]
[White "Gusev, Boris"]
[Black "Molchanov, Alexander"]
[Result "0-1"]
[WhiteElo "1724"]
[BlackElo "1783"]
[PlyCount "46"]
[EventDate "2012.08.25"]

1. e4 Nc6 2. d4 d5 3. exd5 Qxd5 4. Be3 e5 5. Nc3 Bb4 6. a3 Bxc3+ 7. bxc3 Nge7
8. Nf3 Bg4 9. Be2 Nf5 10. O-O Nxe3 11. fxe3 O-O 12. Rb1 Qe4 13. Qd2 exd4 14.
exd4 b6 15. Rbe1 Rae8 16. Bd3 Qd5 17. Rxe8 Rxe8 18. Ng5 f6 19. Bxh7+ Kh8 20.
Bg6 Re2 21. Nf7+ Kg8 22. Qxe2 Bxe2 23. Re1 Ne7 0-1

[Event "M.Botvinnik Memorial 2012"]
[Site "St. Petersburg, Russia"]
[Date "2012.08.30"]
[Round "6.1"]
[White "Aleksandrov, Aleksej"]
[Black "Areshchenko, Alexander"]
[Result "1/2-1/2"]
[WhiteElo "2597"]
[BlackElo "2691"]
[PlyCount "67"]
[EventDate "2012.08.25"]

1. c4 Nf6 2. Nf3 g6 3. Nc3 d5 4. cxd5 Nxd5 5. e4 Nxc3 6. dxc3 Qxd1+ 7. Kxd1 f6
8. Be3 e5 9. Kc2 Be6 10. Nd2 Nd7 11. Bc4 Bxc4 12. Nxc4 Bc5 13. a4 Bxe3 14. Nxe3
Nc5 15. f3 c6 16. a5 O-O-O 17. Rad1 Rxd1 18. Rxd1 Rd8 19. b4 Rxd1 20. Kxd1 Nd7
21. Kd2 Kc7 22. Kd3 Kd6 23. h4 Nf8 24. h5 gxh5 25. Nf5+ Kd7 26. Ng7 h4 27. Nf5
Ng6 28. Kc4 b6 29. axb6 axb6 30. b5 Kc7 31. Kb4 Kd7 32. Kc4 Kc7 33. Kb4 Kd7 34.
Kc4 1/2-1/2

[Event "M.Botvinnik Memorial 2012"]
[Site "St. Petersburg, Russia"]
[Date "2012.08.30"]
[Round "6.2"]
[White "Romanov, Evgeny"]
[Black "Demchenko, Anton"]
[Result "1/2-1/2"]
[WhiteElo "2595"]
[BlackElo "2603"]
[PlyCount "81"]
[EventDate "2012.08.25"]

1. e4 e5 2. Nf3 Nc6 3. Bb5 Nf6 4. O-O Nxe4 5. d4 Nd6 6. Bxc6 dxc6 7. dxe5 Nf5
8. Qxd8+ Kxd8 9. Nc3 Ke8 10. h3 h5 11. Ne2 Be6 12. Bg5 Be7 13. Nf4 Bd5 14. Bxe7
Kxe7 15. Ng5 Nd4 16. Rad1 Ne6 17. Ngxe6 Bxe6 18. Rd4 Rad8 19. Rxd8 Rxd8 20.
Nxh5 Rd2 21. Rc1 Bf5 22. Kf1 g5 23. Ng3 Bg6 24. Ne2 Rxc2 25. Rxc2 Bxc2 26. f4
Bb1 27. Nc3 Bd3+ 28. Kf2 gxf4 29. Kf3 Bf1 30. h4 f6 31. exf6+ Kxf6 32. Ne4+ Ke5
33. h5 Bc4 34. Nc5 Kf5 35. g4+ fxg3 36. h6 Kg6 37. Nxb7 Bxa2 38. Kxg3 Kxh6 39.
Kf4 Kg6 40. Ke5 Bd5 41. Nc5 1/2-1/2

[Event "M.Botvinnik Memorial 2012"]
[Site "St. Petersburg, Russia"]
[Date "2012.08.30"]
[Round "6.3"]
[White "Alekseev, Evgeny"]
[Black "Yevseev, Denis"]
[Result "1-0"]
[WhiteElo "2673"]
[BlackElo "2535"]
[PlyCount "53"]
[EventDate "2012.08.25"]

1. e4 c5 2. Nf3 Nc6 3. d4 cxd4 4. Nxd4 e5 5. Nb5 d6 6. c4 Be7 7. N5c3 Nf6 8.
Bd3 O-O 9. O-O Nd7 10. Nd5 Bg5 11. Nbc3 Bxc1 12. Rxc1 Nc5 13. Bb1 Ne6 14. Qd3
Qg5 15. f4 Nxf4 16. Nxf4 exf4 17. e5 g6 18. exd6 Be6 19. Ne4 Qe5 20. Qd2 Rad8
21. c5 g5 22. g3 fxg3 23. Qxg5+ Qxg5 24. Nxg5 Nd4 25. Rcd1 Bc4 26. hxg3 Bxf1
27. Rxd4 1-0

[Event "M.Botvinnik Memorial 2012"]
[Site "St. Petersburg, Russia"]
[Date "2012.08.30"]
[Round "6.4"]
[White "Baryshpolets, Andrey"]
[Black "Zvjaginsev, Vadim"]
[Result "1/2-1/2"]
[WhiteElo "2513"]
[BlackElo "2671"]
[PlyCount "253"]
[EventDate "2012.08.25"]

1. d4 e6 2. c4 Bb4+ 3. Nd2 c5 4. a3 Bxd2+ 5. Qxd2 cxd4 6. Nf3 Nf6 7. g3 O-O 8.
Bg2 d5 9. cxd5 Qxd5 10. Qxd4 Nc6 11. Qxd5 exd5 12. Bg5 Ne4 13. Rd1 Be6 14. Be3
Rfe8 15. O-O Rac8 16. Rfe1 a6 17. Ng5 Nxg5 18. Bxg5 d4 19. Bxc6 Rxc6 20. Rxd4
Rc2 21. Rd2 Rec8 22. f3 h6 23. Be3 Bb3 24. Kf2 h5 25. h4 Kh7 26. Bf4 f6 27. Rg1
a5 28. Be3 a4 29. g4 hxg4 30. fxg4 Be6 31. Rxc2 Rxc2 32. Bd4 Bc4 33. Re1 Bd5
34. Ke3 Rc8 35. Kf4 Re8 36. e4 Bc6 37. Bc3 Kh6 38. h5 Kh7 39. Re3 Kg8 40. Re1
Kh7 41. Re3 Kh6 42. e5 fxe5+ 43. Bxe5 g5+ 44. hxg6 Kxg6 45. Rd3 Rf8+ 46. Kg3
Rf1 47. Bd4 Re1 48. Be3 Re2 49. Bd2 Rg2+ 50. Kh3 Rg1 51. Rd6+ Kf7 52. Bc3 Ke7
53. Rd4 Rh1+ 54. Kg3 Rh6 55. Rf4 Rg6 56. Kh4 Rh6+ 57. Kg5 Re6 58. Bb4+ Ke8 59.
Rf8+ Kd7 60. Rf7+ Ke8 61. Rg7 Be4 62. Kf4 b6 63. Ra7 Bc2 64. Rc7 Bd3 65. Rc3
Bb1 66. Rc7 Bd3 67. Bc3 Re4+ 68. Kf3 Re7 69. Rc8+ Kd7 70. Rf8 Re6 71. Rf4 Bc2
72. Kg3 Be4 73. g5 b5 74. Bf6 Bg6 75. Rf2 Re3+ 76. Kf4 Re4+ 77. Kf3 Ke6 78. Rd2
b4 79. axb4 Rxb4 80. Re2+ Kf7 81. Re7+ Kf8 82. Rg7 Bh5+ 83. Kf2 Rc4 84. Ke1 Rc2
85. Ra7 Re2+ 86. Kf1 Re4 87. Kf2 Re2+ 88. Kg3 Re4 89. Rh7 Bg6 90. Rh8+ Kf7 91.
Ra8 Bh5 92. Ra7+ Kg6 93. Ra5 Rg4+ 94. Kf2 Re4 95. Kf1 Be2+ 96. Ke1 Bc4+ 97. Kd2
Bb3 98. Ra7 Kf5 99. Kd3 Bc4+ 100. Kc3 Bb3 101. Ra5+ Kg6 102. Kd3 Rg4 103. Ke3
Rc4 104. Bd4 Bc2 105. Bf6 Re4+ 106. Kf3 Rc4 107. Bc3 Bd1+ 108. Kf2 Re4 109. Rd5
Bb3 110. Rc5 Bd1 111. Ra5 Bh5 112. Bf6 Bd1 113. Bd8 Re6 114. Kg3 Rd6 115. Bf6
Re6 116. Kf4 Bc2 117. Rc5 Bd3 118. Be5 Rb6 119. Rc7 Rb4+ 120. Ke3 Bf5 121. Rg7+
Kh5 122. Bf6 Rc4 123. Rg8 Bc2 124. g6 Bb3 125. g7 Re4+ 126. Kxe4 Bxg8 127. Kf5
1/2-1/2

[Event "M.Botvinnik Memorial 2012"]
[Site "St. Petersburg, Russia"]
[Date "2012.08.30"]
[Round "6.5"]
[White "Matlakov, Maxim"]
[Black "Popov, Valerij"]
[Result "0-1"]
[WhiteElo "2663"]
[BlackElo "2557"]
[PlyCount "70"]
[EventDate "2012.08.25"]

1. d4 d5 2. c4 dxc4 3. Nf3 Nf6 4. e3 Bg4 5. Bxc4 e6 6. h3 Bh5 7. Nc3 a6 8. g4
Bg6 9. Ne5 Nbd7 10. Nxg6 hxg6 11. Bf1 c6 12. Bg2 Bd6 13. Qb3 Rb8 14. g5 Nd5 15.
h4 Nxc3 16. bxc3 Qa5 17. Bd2 Qc7 18. a4 Ke7 19. Ke2 e5 20. Bf3 c5 21. h5 gxh5
22. Bxh5 Rhf8 23. Bf3 b5 24. Rh7 cxd4 25. cxd4 bxa4 26. Qxa4 Rb2 27. Ra2 Rfb8
28. Rxg7 R8b4 29. Qxa6 Qc1 30. Rxb2 Rxb2 31. Qa5 Qc4+ 32. Ke1 Rb1+ 33. Bd1 Qb3
34. Kf1 Qxd1+ 35. Be1 Bb4 0-1

[Event "M.Botvinnik Memorial 2012"]
[Site "St. Petersburg, Russia"]
[Date "2012.08.30"]
[Round "6.6"]
[White "Ovetchkin, Roman"]
[Black "Khairullin, Ildar"]
[Result "1/2-1/2"]
[WhiteElo "2526"]
[BlackElo "2633"]
[PlyCount "44"]
[EventDate "2012.08.25"]

1. d4 d5 2. c4 c6 3. Nf3 Nf6 4. Qc2 dxc4 5. Qxc4 Bg4 6. Nbd2 Nbd7 7. g3 e6 8.
Bg2 Be7 9. O-O O-O 10. b3 Rc8 11. Bb2 c5 12. Rac1 a6 13. Qa4 Bh5 14. Rfd1 Nd5
15. Ne4 b5 16. Qxa6 Nb4 17. Qxb5 Rb8 18. Qc4 Nb6 19. Qb5 N6d5 20. Qc4 Nb6 21.
Qb5 N6d5 22. Qc4 Nb6 1/2-1/2

[Event "M.Botvinnik Memorial 2012"]
[Site "St. Petersburg, Russia"]
[Date "2012.08.30"]
[Round "6.7"]
[White "Lysyj, Igor"]
[Black "Onischuk, Vladimir"]
[Result "1/2-1/2"]
[WhiteElo "2624"]
[BlackElo "2547"]
[PlyCount "82"]
[EventDate "2012.08.25"]

1. d4 d6 2. Nf3 g6 3. c4 Bg7 4. Nc3 Bg4 5. e3 c5 6. d5 Bxc3+ 7. bxc3 Qa5 8. Qb3
Nd7 9. Nd2 Nb6 10. a4 Bd7 11. Bd3 Nf6 12. Bc2 O-O 13. O-O Rfb8 14. e4 a6 15.
Qb2 Nc8 16. f4 b5 17. axb5 Qb6 18. e5 Ne8 19. Be4 axb5 20. Rxa8 Rxa8 21. e6
fxe6 22. dxe6 Bc6 23. Bxc6 Qxc6 24. cxb5 Qb7 25. c4 Ng7 26. Re1 Nb6 27. Qb3 Ra1
28. Qc3 Qa8 29. Nb3 Ra2 30. Bb2 Qf8 31. Ba1 Na4 32. Qf3 Nb6 33. Qc3 Na4 34. Qf3
Nb6 35. Bxg7 Kxg7 36. Nd2 Qf6 37. Ne4 Qd4+ 38. Kh1 Ra1 39. Qf1 Rxe1 40. Qxe1
Qxc4 41. Nxd6 Qxf4 1/2-1/2

[Event "M.Botvinnik Memorial 2012"]
[Site "St. Petersburg, Russia"]
[Date "2012.08.30"]
[Round "6.8"]
[White "Hovhannisyan, Robert"]
[Black "Pridorozhni, Aleksei"]
[Result "1-0"]
[WhiteElo "2612"]
[BlackElo "2533"]
[PlyCount "177"]
[EventDate "2012.08.25"]

1. e4 e5 2. Nf3 Nc6 3. Bb5 a6 4. Ba4 Nf6 5. O-O Be7 6. Re1 b5 7. Bb3 O-O 8. a4
b4 9. d4 d6 10. dxe5 Nxe5 11. Nxe5 dxe5 12. Qf3 Bc5 13. Be3 Qe7 14. Nd2 Bb7 15.
Bg5 h6 16. Bh4 Rad8 17. Nf1 g5 18. Bg3 Bc8 19. Ne3 Bxe3 20. Qxe3 Nh5 21. Rad1
Rxd1 22. Rxd1 Nxg3 23. Qxg3 Rd8 24. Rxd8+ Qxd8 25. Qf3 Qe7 26. Qd1 Bb7 27. Qd3
Kg7 28. a5 h5 29. Bc4 Qf6 30. g3 h4 31. Qe2 hxg3 32. hxg3 Qg6 33. Bd5 Bxd5 34.
exd5 Qf5 35. Qc4 Qf3 36. b3 e4 37. Qxa6 e3 38. Qf1 e2 39. Qe1 Qxd5 40. Qxe2
Qxa5 41. Qe7 Qd5 42. Qxc7 Qd1+ 43. Kh2 Qd4 44. Kg1 Qd1+ 45. Kg2 Qd5+ 46. f3 g4
47. Qf4 gxf3+ 48. Qxf3 Qd2+ 49. Kh3 Qh6+ 50. Kg2 Qd2+ 51. Qf2 Qd5+ 52. Kf1 Qd1+
53. Qe1 Qd4 54. Qe2 f5 55. Qd3 Qe5 56. Kf2 Kg6 57. Kf3 Qe1 58. Qe2 Qc3+ 59. Qd3
Qc6+ 60. Kf2 Qc5+ 61. Kg2 Kf6 62. Kf3 Qc6+ 63. Ke3 Kg5 64. Qd8+ Kg6 65. Qg8+
Kf6 66. Qf8+ Kg6 67. Qxb4 Qxc2 68. Qd6+ Kg5 69. Qd8+ Kg6 70. Qg8+ Kf6 71. Qc4
Qa2 72. Qc3+ Kg6 73. b4 Qe6+ 74. Kd4 Qd6+ 75. Kc4 Qc6+ 76. Kb3 Qd5+ 77. Qc4
Qf3+ 78. Ka4 Qa8+ 79. Kb5 Qb8+ 80. Kc6 Qc8+ 81. Kd5 Qd8+ 82. Kc5 Qc7+ 83. Kb5
Qb8+ 84. Ka4 Qa8+ 85. Kb3 Qf3+ 86. Qc3 Qd5+ 87. Kc2 Kh5 88. Qh8+ Kg4 89. Qh4+
1-0

[Event "M.Botvinnik Memorial 2012"]
[Site "St. Petersburg, Russia"]
[Date "2012.08.30"]
[Round "6.9"]
[White "Lovkov, Roman"]
[Black "Ponkratov, Pavel"]
[Result "1/2-1/2"]
[WhiteElo "2424"]
[BlackElo "2598"]
[PlyCount "81"]
[EventDate "2012.08.25"]

1. d4 Nf6 2. c4 e6 3. Nc3 c5 4. d5 exd5 5. cxd5 d6 6. Nf3 g6 7. e4 a6 8. a4 Bg4
9. h3 Bxf3 10. Qxf3 Bg7 11. Be2 O-O 12. O-O Nbd7 13. a5 Re8 14. Ra4 Qe7 15. Qg3
Rab8 16. Bf4 Ne5 17. Rb1 Qd7 18. Bd2 c4 19. b3 Rbc8 20. f4 Nd3 21. Bxd3 Nh5 22.
Qf3 cxd3 23. Rc1 Qd8 24. Qxd3 Qh4 25. e5 dxe5 26. fxe5 Qg3 27. Qxg3 Nxg3 28. d6
Rxe5 29. d7 Rd8 30. Bf4 Rc5 31. Bxg3 Rxc3 32. Rxc3 Bxc3 33. Rc4 Bxa5 34. Bc7
Bxc7 35. Rxc7 Kf8 36. Rxb7 Ke7 37. Ra7 Rxd7 38. Rxa6 Rb7 39. Ra3 Kd6 40. Kf2
Kc5 41. Kf3 1/2-1/2

[Event "M.Botvinnik Memorial 2012"]
[Site "St. Petersburg, Russia"]
[Date "2012.08.30"]
[Round "6.10"]
[White "Yemelin, Vasily"]
[Black "Bukavshin, Ivan"]
[Result "0-1"]
[WhiteElo "2579"]
[BlackElo "2476"]
[PlyCount "68"]
[EventDate "2012.08.25"]

1. c4 e5 2. g3 Nf6 3. Bg2 d5 4. cxd5 Nxd5 5. Nc3 Nb6 6. Nf3 Nc6 7. O-O Be7 8.
a3 O-O 9. b4 Be6 10. d3 a5 11. b5 Nd4 12. Rb1 f6 13. Nd2 Qc8 14. e3 Nf5 15. Qc2
Rd8 16. Rd1 Nd6 17. a4 Nf7 18. Bb2 Bb4 19. Ba1 Bg4 20. Rdc1 Bf5 21. Nde4 Qd7
22. Na2 Ba3 23. Rd1 Bg4 24. f3 Be6 25. d4 Qe7 26. dxe5 Nxe5 27. Rxd8+ Rxd8 28.
Bd4 Nbc4 29. Nac3 Bb4 30. Rc1 Na3 31. Qe2 Bc4 32. Qd1 c5 33. bxc6 bxc6 34. f4
Nd3 0-1

[Event "M.Botvinnik Memorial 2012"]
[Site "St. Petersburg, Russia"]
[Date "2012.08.30"]
[Round "6.11"]
[White "Lintchevski, Daniil"]
[Black "Kharchenko, Boris"]
[Result "1/2-1/2"]
[WhiteElo "2558"]
[BlackElo "2476"]
[PlyCount "131"]
[EventDate "2012.08.25"]

1. d4 d5 2. c4 c6 3. Nc3 e5 4. dxe5 d4 5. Ne4 Qa5+ 6. Bd2 Qxe5 7. Ng3 Nf6 8.
Nf3 Qd6 9. Qc2 c5 10. e3 Nc6 11. exd4 Nxd4 12. Nxd4 cxd4 13. O-O-O Be6 14. Bd3
Qa6 15. Kb1 O-O-O 16. Rhe1 Kb8 17. f4 Rc8 18. Rc1 Qb6 19. Qb3 Qxb3 20. axb3 h5
21. Bf5 Bxf5+ 22. Nxf5 Rd8 23. Rcd1 g6 24. Nh4 Ng4 25. f5 Nf2 26. Bg5 Bb4 27.
Bxd8 Rxd8 28. Rf1 Nxd1 29. Rxd1 Be7 30. Nf3 Bf6 31. fxg6 fxg6 32. Kc2 d3+ 33.
Rxd3 Rxd3 34. Kxd3 Bxb2 35. Ke4 Kc7 36. Kd5 Bc3 37. Ne5 Bxe5 38. Kxe5 Kc6 39.
Kf6 Kc5 40. Kxg6 a5 41. Kxh5 Kb4 42. g4 Kxb3 43. g5 a4 44. g6 a3 45. g7 a2 46.
g8=Q a1=Q 47. h4 Qe5+ 48. Qg5 Qe8+ 49. Kg4 Qe2+ 50. Kf5 Kxc4 51. h5 Qd3+ 52.
Ke6 Qe4+ 53. Kf7 b5 54. Qc1+ Kd5 55. Qd2+ Kc4 56. Qa2+ Kc3 57. Qa1+ Kc2 58.
Qa2+ Kc3 59. Qa3+ Kc2 60. Qc5+ Qc4+ 61. Qxc4+ bxc4 62. h6 c3 63. h7 Kb1 64.
h8=R c2 65. Rh1+ c1=R 66. Rh2 1/2-1/2